| 000 | 00743nam a2200241Ia 4500 | ||
|---|---|---|---|
| 001 | dia_2681 | ||
| 003 | CHAP | ||
| 005 | 20230310124123.0 | ||
| 008 | 220117s-S.A xx 000 0 und d | ||
| 010 | _a173200 | ||
| 040 | _cCHAP | ||
| 082 | _a664 M4 | ||
| 110 |
_aMéxico.Secretaría de Programación y Presupuesto. _977206 |
||
| 245 |
_aSerie de Productos Básicos, Análisis y Expectativas / _c por Secretaría de Programación y Presupuesto |
||
| 260 |
_aMéxico _c-S.A |
||
| 300 | _a2 v | ||
| 505 | _aLa biblioteca tiene: V.1 Alimentos V.2 Bienes de Consumo | ||
| 650 |
_a1.Alimentos _9148995 |
||
| 901 | _a664 M4 | ||
| 902 | _aM | ||
| 905 | _a000000-S.A- MEX 0000000000ESP00 | ||
| 942 |
_cLIBRO _2ddc |
||
| 999 |
_c173200 _d173200 |
||